000 00506 a2200193 4500
001 134353
020 _a85-7450-124-7
040 _cLeonardo Da Vinci
041 _aPortuguês
082 _a869.93 C235m
_bC235m
100 _aCANUTO, Angela
245 _aMachado de Assis
_bmemórias de um frasista
250 _a2.ed
260 _bLemos Editorial
_c2002
_aSão Paulo
300 _a223
362 _a20020000
697 _aLiteratura
_aMachado de Assis
_aCitações
_aDicionário
_aBrasil
942 _cBK
999 _c134353
_d134353